LEADER 02619nam a2200397 a 4500 001 000000133442 003 CaOOAMICUS 005 20130409133417.0 008 130409s2013 mau u000 u eng r 020 $z9781405186414 (v. 1-9)* 040 $aPUL$bita 082 04$a170.3 245 04$aThe international encyclopedia of ethics /$cedited by Hugh LaFollette. 260 $aMalden, MA :$bWiley-Blackwell,$c2013. 300 $a9 v. ;$c26 cm 500 $aInclude indici. 504 $aInclude referenze bibliografiche. 505 0 $aV. 1. A-Bub -- v. 2. Buc-C -- v. 3. D-Fal -- v. 4. Fam-H -- v. 5. I-Mer. -- v. 6. Met-Ple -- v. 7. Ple-Rig -- v. 8. Rin-U -- v. 9. V-Z. 650 4$aEtica$vEnciclopedie.$0(OLS)http://pul/subject/39504 700 1 $aLaFollette, Hugh.$0(OLS)http://pul/name/54287 850 $aPUL 852 $aPUL$W1$xSL Cons. Gen., Altre Classi 1$y1$m1391 A 26.1$j153359$bv.1$qStampati$B152919$CPULBib$Z2$F152919 $H122143 $82 852 $aPUL$W1$xSL Cons. Gen., Altre Classi 1$y1$m1391 A 26.2$j153360$bv.2$qStampati$B152920$CPULBib$Z2$F152920 $H122144 $82 852 $aPUL$W1$xSL Cons. Gen., Altre Classi 1$y1$m1391 A 26.3$j153361$bv.3$qStampati$B152921$CPULBib$Z2$F152921 $H122145 $82 852 $aPUL$W1$xSL Cons. Gen., Altre Classi 1$y1$m1391 A 26.4$j153362$bv.4$qStampati$B152922$CPULBib$Z2$F152922 $H122146 $82 852 $aPUL$W1$xSL Cons. Gen., Altre Classi 1$y1$m1391 A 26.5$j153363$bv.5$qStampati$B152923$CPULBib$Z2$F152923 $H122147 $82 852 $aPUL$W1$xSL Cons. Gen., Altre Classi 1$y1$m1391 A 26.6$j153364$bv.6$qStampati$B152924$CPULBib$Z2$F152924 $H122148 $82 852 $aPUL$W1$xSL Cons. Gen., Altre Classi 1$y1$m1391 A 26.7$j153365$bv.7$qStampati$B152925$CPULBib$Z2$F152925 $H122149 $82 852 $aPUL$W1$xSL Cons. Gen., Altre Classi 1$y1$m1391 A 26.8$j153366$bv.8$qStampati$B152926$CPULBib$Z2$F152926 $H122150 $82 852 $aPUL$W1$xSL Cons. Gen., Altre Classi 1$y1$m1391 A 26.9$j153367$bv.9$qStampati$B152927$CPULBib$Z2$F152927 $H122151 $82 941 1 $a8 996 $6020$z9781405186414 (v. 1-9)*$9(OLS)http://pul/number/152329 996 $6082$a170.3$9(OLS)http://pul/classification/2493 996 $6245$aThe international encyclopedia of ethics$9(OLS)http://pul/title/168634 996 $6260$aMalden, MA :$bWiley-Blackwell$9(OLS)http://pul/publisher/82326 LEADER 01480nam a2200325 a 4500 001 000000146219 003 CaOOAMICUS 005 20151005093021.0 008 151005s2014 miu u000 u eng r 020 $a978-0-8028-2493-6 040 $aPUL$bita 082 04$a223.2 100 1 $aDeclaissé-Walford, Nancy.$0(OLS)http://pul/name/93582 245 14$aThe book of Psalms /$cNancy Declaissé-Walford, Rolf A. Jacobson, Beth Laneel Tanner. 260 $aGrand Rapids, Mich. :$bWm. B. Eerdmans Publishing Co.,$c©2014. 300 $axxii, 1051 p. ;$c23 cm. 490 1 $aThe New international commentary on the Old Testament 504 $aInclude riferimenti bibliografici e indici. 630 04$aBiblia.$pV.T.$pPsalmi$xCommenti.$0(OLS)http://pul/subject/1498 700 1 $aJacobson, Rolf A.$0(OLS)http://pul/name/93583 700 1 $aLaneel Tanner, Beth.$0(OLS)http://pul/name/93584 830 4$aThe New international commentary on the Old Testament.$0(OLS)http://pul/title/184859 850 $aPUL 852 $aPUL$W1$xSL Religione 3$y85$m223. 2 DECNE 1$j169102$qDDC 21$B169885$CPULBib$Z2$F169885 $H126280 $81 941 1 $a9 996 $6020$a978-0-8028-2493-6$9(OLS)http://pul/number/158802 996 $6082$a223.2$9(OLS)http://pul/classification/536 996 $6245$aThe book of Psalms$9(OLS)http://pul/title/42806 996 $6260$aGrand Rapids, Mich. :$bWm. B. Eerdmans Publishing Co.$9(OLS)http://pul/publisher/60591